[Event "4NCL/Div2b/CHEDP vs. WES1"]
[Site "Sunningdale ENG"]
[Date "2008.10.05"]
[Round "2.3"]
[White "Hawthorne, John P"]
[Black "Rutter, Nicholas"]
[Result "1/2-1/2"]
[WhiteElo "2335"]
[BlackElo "2177"]
[PlyCount "63"]
[EventDate "2008.10.05"]
[SourceDate "2008.10.04"]

1. d4 d5 2. Bf4 c6 3. c3 Bf5 4. e3 e6 5. Qb3 Qb6 6. Nf3 Nd7 7. Be2 Ngf6 8. h3
h6 9. Nbd2 Be7 10. O-O O-O 11. Ne5 Nxe5 12. Bxe5 Ne4 13. Nxe4 Bxe4 14. Rfc1
Rfc8 15. Bd1 Qxb3 16. axb3 a6 17. b4 Bd3 18. Bf3 Rd8 19. Re1 Bd6 20. Bxd6 Rxd6
21. e4 dxe4 22. Bxe4 Bxe4 23. Rxe4 Rad8 24. f4 Rd5 25. Kf2 g6 26. g4 Kg7 27.
Kg3 h5 28. g5 Ra8 29. Re5 Rad8 30. h4 Kf8 31. Kf3 Ke7 32. Ke4 1/2-1/2

[Event "4NCL/Div2b/CHEDP vs. WES1"]
[Site "Sunningdale ENG"]
[Date "2008.10.05"]
[Round "2.4"]
[White "Yeo, Michael J"]
[Black "Wallace, Paul A"]
[Result "1-0"]
[WhiteElo "2103"]
[BlackElo "2259"]
[PlyCount "87"]
[EventDate "2008.10.05"]
[SourceDate "2008.10.04"]

1. e4 e5 2. Nf3 Nc6 3. Bb5 f5 4. d3 fxe4 5. dxe4 Nf6 6. O-O Bc5 7. Qd3 d6 8.
Qc4 Bd7 9. Nc3 Bb6 10. Ng5 Qe7 11. Nd5 Nxd5 12. exd5 Nd4 13. Bxd7+ Kxd7 14. c3
Nf5 15. a4 a5 16. Qg4 g6 17. Ne4 Kc8 18. Qh3 Kb8 19. g4 Ng7 20. Be3 h5 21. Bxb6
cxb6 22. g5 Nf5 23. Qd3 h4 24. h3 Rc8 25. f4 exf4 26. Rae1 Ng3 27. Nf6 Qc7 28.
Rxf4 Nf5 29. Kg2 Ka7 30. Re6 Qf7 31. Ne4 Qd7 32. Rxg6 Qh7 33. Rf6 Ng3 34. g6
Qh5 35. Nxg3 hxg3 36. Rxd6 Re8 37. Rg4 Re1 38. Qb5 Rc8 39. g7 Rh1 40. Rxg3 Qd1
41. Qxb6+ Ka8 42. Qf2 Rg8 43. Rd8+ Rxd8 44. g8=Q 1-0

[Event "4NCL/Div2b/CHEDP vs. WES1"]
[Site "Sunningdale ENG"]
[Date "2008.10.05"]
[Round "2.5"]
[White "Gregory, Philip"]
[Black "Jenks, Bruce"]
[Result "0-1"]
[WhiteElo "2112"]
[BlackElo "2145"]
[PlyCount "116"]
[EventDate "2008.10.05"]
[SourceDate "2008.10.04"]

1. e4 c5 2. Nf3 g6 3. d4 cxd4 4. Nxd4 Nc6 5. c4 Nf6 6. Nc3 d6 7. Be2 Nxd4 8.
Qxd4 Bg7 9. Bg5 O-O 10. Qd2 Be6 11. O-O Qa5 12. Rfd1 Rfc8 13. b3 b5 14. Bxf6
Bxf6 15. Nd5 Qxd2 16. Nxf6+ exf6 17. Rxd2 bxc4 18. Bxc4 Bxc4 19. bxc4 Rxc4 20.
Rxd6 Kg7 21. f3 Rc2 22. a4 Rb8 23. Kh1 Ra2 24. Rdd1 Rbb2 25. Rxa2 Rxa2 26. h4
Rxa4 27. Kh2 Kf8 28. Rd8+ Ke7 29. Ra8 h5 30. Kg3 Ra2 31. Kf4 a5 32. g3 Ra1 33.
Ra6 Ra3 34. Ra7+ Kf8 35. Ra8+ Kg7 36. Ra6 Ra1 37. Ra8 a4 38. Ra5 a3 39. Ke3 a2
40. Kf4 Kf8 41. Ra8+ Ke7 42. Ra7+ Kd8 43. Ra8+ Kc7 44. Ra7+ Kb6 45. Ra8 Kc5 46.
Ra7 Kd4 47. Rd7+ Kc3 48. Rc7+ Kd3 49. Ra7 Ke2 50. Ra5 Kf2 51. Ra3 Kg2 52. Ra4
Kh3 53. Ra3 Rg1 54. Rxa2 Rxg3 55. Ra7 g5+ 56. hxg5 fxg5+ 57. Ke3 g4 58. Rxf7
Kg2 0-1

[Event "4NCL/Div2b/CHEDP vs. WES1"]
[Site "Sunningdale ENG"]
[Date "2008.10.05"]
[Round "2.6"]
[White "Neil, David R"]
[Black "Simmons, Matthew"]
[Result "0-1"]
[WhiteElo "2165"]
[BlackElo "2067"]
[PlyCount "64"]
[EventDate "2008.10.05"]
[SourceDate "2008.10.04"]

1. c4 e5 2. Nc3 Bb4 3. g3 Nc6 4. Bg2 Nge7 5. e3 a6 6. Nge2 O-O 7. O-O d6 8. d4
Bg4 9. f3 exd4 10. exd4 Bf5 11. a3 Ba5 12. g4 Bd7 13. h3 Rb8 14. b4 Bb6 15. Kh2
Ng6 16. f4 Nh4 17. Bh1 h5 18. f5 hxg4 19. f6 g3+ 20. Kxg3 Nf5+ 21. Rxf5 Bxf5
22. Nd5 Re8 23. Bg5 g6 24. c5 Ba7 25. Nef4 dxc5 26. dxc5 b6 27. Qa4 Nd4 28.
Ne7+ Kh7 29. Qxa6 bxc5 30. Qxa7 cxb4 31. Nfd5 Qd6+ 32. Kh4 Qh2 0-1

[Event "4NCL/Div2b/CHEDP vs. WES1"]
[Site "Sunningdale ENG"]
[Date "2008.10.05"]
[Round "2.7"]
[White "Bennett, Patrick"]
[Black "de Coverly, Roger"]
[Result "0-1"]
[WhiteElo "2101"]
[BlackElo "2062"]
[PlyCount "78"]
[EventDate "2008.10.05"]
[SourceDate "2008.10.04"]

1. d4 Nf6 2. c4 g6 3. Nc3 d5 4. cxd5 Nxd5 5. Bd2 Nb6 6. e3 Bg7 7. Nf3 O-O 8.
Be2 Nc6 9. O-O e5 10. dxe5 Nxe5 11. Nxe5 Bxe5 12. Qc2 c6 13. Rad1 Qh4 14. f4
Bg7 15. Be1 Qe7 16. e4 f5 17. e5 Be6 18. Bf2 Rfd8 19. Bf3 Bf8 20. g3 Qf7 21.
Rxd8 Rxd8 22. Rd1 Be7 23. b3 Qf8 24. Kg2 Bb4 25. Ne2 Rxd1 26. Qxd1 Bc5 27. Nd4
Bxd4 28. Qxd4 Qe7 29. Be1 Qd7 30. Bf2 Qxd4 31. Bxd4 Nc8 32. Kf2 Kf7 33. Ke3 a5
34. Kd3 a4 35. bxa4 Bxa2 36. a5 Ne7 37. Bc5 Nd5 38. Kd4 Nc7 39. Be2 Ne6+ 0-1

[Event "4NCL/Div2b/CHEDP vs. WES1"]
[Site "Sunningdale ENG"]
[Date "2008.10.05"]
[Round "2.8"]
[White "Khoo, Selina"]
[Black "Whitfield, Craig M"]
[Result "0-1"]
[WhiteElo "1991"]
[BlackElo "1927"]
[PlyCount "102"]
[EventDate "2008.10.05"]
[SourceDate "2008.10.04"]

1. e4 c5 2. Nf3 Nc6 3. Bb5 g6 4. O-O Bg7 5. c3 e5 6. Na3 Nge7 7. d4 cxd4 8.
cxd4 exd4 9. Bf4 d5 10. exd5 Qxd5 11. Bxc6+ Nxc6 12. Qe2+ Be6 13. Nb5 O-O-O 14.
Rac1 d3 15. Nxa7+ Kd7 16. Qe3 Ra8 17. Nxc6 bxc6 18. Rc5 Qxa2 19. Qxd3+ Bd5 20.
Ne5+ Bxe5 21. Bxe5 Rhe8 22. Qh3+ Re6 23. f4 h5 24. Qc3 f5 25. Rd1 Ra7 26. Bh8
Ke8 27. Qb4 Qa6 28. Re1 Rxe1+ 29. Qxe1+ Re7 30. Be5 Kf7 31. Kf2 Rb7 32. Bd4 Re7
33. Be5 Qa4 34. Qc3 Qe4 35. Qg3 Qb4 36. Qe3 h4 37. Qc3 Qe4 38. Qf3 Qa4 39. Qc3
Qd1 40. Ra5 h3 41. gxh3 Qh1 42. Qg3 Rd7 43. Ra4 c5 44. Ra6 Bc6 45. Bc3 c4 46.
h4 Rd3 47. Ra7+ Bb7 48. Rxb7+ Qxb7 49. Qg2 Qb6+ 50. Kf1 Rd1+ 51. Ke2 Qb3 0-1

[Event "4NCL/Div2b/GUI3 vs. KHE"]
[Site "Sunningdale ENG"]
[Date "2008.10.05"]
[Round "2.1"]
[White "Tymrakiewicz, Rafal"]
[Black "Whiteley, Andrew"]
[Result "1/2-1/2"]
[WhiteElo "2268"]
[BlackElo "2292"]
[PlyCount "85"]
[EventDate "2008.10.05"]
[SourceDate "2008.10.04"]

1. d4 d5 2. c4 c6 3. Nc3 Nf6 4. Nf3 e6 5. e3 Nbd7 6. Qc2 Bd6 7. Be2 O-O 8. O-O
e5 9. cxd5 cxd5 10. dxe5 Nxe5 11. Rd1 Be6 12. e4 Qc7 13. Nd4 Nxe4 14. Nxe4 dxe4
15. Qxe4 Nc6 16. Bd3 g6 17. Nxe6 Bxh2+ 18. Kh1 fxe6 19. Bh6 Rxf2 20. Qxe6+ Kh8
21. Rf1 Nd4 22. Qd5 Rxf1+ 23. Rxf1 Nf5 24. Bxf5 gxf5 25. Rxf5 Qb6 26. Kxh2
Qxh6+ 27. Rh5 Qf4+ 28. Kh3 Qe3+ 29. g3 Re8 30. Qf5 Qe7 31. Rh6 Rf8 32. Qd3 Rd8
33. Qc3+ Qg7 34. Qxg7+ Kxg7 35. Re6 Kf7 36. Rh6 Kg7 37. Re6 Kf7 38. Re2 Kf6 39.
Kg4 Rd4+ 40. Kf3 Rb4 41. Rh2 Kg6 42. Rd2 h5 43. Rd6+ 1/2-1/2

[Event "4NCL/Div2b/GUI3 vs. KHE"]
[Site "Sunningdale ENG"]
[Date "2008.10.05"]
[Round "2.2"]
[White "McMichael, Richard"]
[Black "Granat, Russell G"]
[Result "1-0"]
[WhiteElo "2262"]
[BlackElo "2264"]
[PlyCount "99"]
[EventDate "2008.10.05"]
[SourceDate "2008.10.04"]

1. d4 d5 2. Nf3 Bf5 3. e3 e6 4. b3 Nf6 5. Bb2 Bd6 6. Nbd2 Nbd7 7. Be2 Ne4 8.
O-O c6 9. c4 h6 10. Ne5 Nxe5 11. dxe5 Bb4 12. Nxe4 Bxe4 13. Bd3 Bxd3 14. Qxd3
Be7 15. f4 dxc4 16. Qxc4 Qd2 17. Bd4 Qb4 18. Qc2 O-O 19. f5 exf5 20. Rxf5 Rad8
21. a3 Qa5 22. e6 Rd5 23. Rxf7 Rxf7 24. exf7+ Kxf7 25. Rf1+ Kg8 26. Qg6 Rxd4
27. exd4 Qxa3 28. Re1 Bf8 29. Qe6+ Kh7 30. Rf1 Be7 31. Qf5+ Kg8 32. Qc8+ Kh7
33. Qxb7 Qd6 34. Qxa7 Bf6 35. Rd1 Qe6 36. Qa4 Qe2 37. Rf1 Qe4 38. Kh1 Bxd4 39.
Qc4 c5 40. b4 Qe3 41. Rd1 Qe5 42. b5 Qd6 43. Qa4 Qg6 44. Qa2 Qf6 45. Qb1+ g6
46. b6 Be5 47. Qe4 h5 48. b7 Kh6 49. Qe3+ Bf4 50. Rf1 1-0

[Event "4NCL/Div2b/GUI3 vs. KHE"]
[Site "Sunningdale ENG"]
[Date "2008.10.05"]
[Round "2.3"]
[White "Thompson, Ian D"]
[Black "Thomas, Richard H"]
[Result "0-1"]
[WhiteElo "2272"]
[BlackElo "2189"]
[PlyCount "114"]
[EventDate "2008.10.05"]
[SourceDate "2008.10.04"]

1. c4 g6 2. Nc3 Bg7 3. g3 c5 4. Bg2 Nc6 5. Nf3 b6 6. O-O Bb7 7. e3 Nf6 8. d4
O-O 9. d5 Na5 10. Nd2 e6 11. Rb1 exd5 12. cxd5 d6 13. Re1 Qd7 14. b3 Ng4 15.
Qc2 Ba6 16. f4 f5 17. h3 Nf6 18. a3 Rac8 19. Bb2 Rfe8 20. e4 Bb7 21. Nc4 Nxc4
22. bxc4 fxe4 23. g4 Rf8 24. Nd1 Rce8 25. Ne3 Bc8 26. f5 Qf7 27. g5 gxf5 28.
gxf6 Bxf6 29. Qf2 Bxb2 30. Rxb2 f4 31. Ng4 Qg6 32. Kh1 f3 33. Bf1 Bxg4 34. hxg4
Qxg4 35. Qe3 Re5 36. Rh2 Qf4 37. Qxf4 Rxf4 38. Re3 Rg5 39. Rf2 Rh4+ 40. Rh2
Rhg4 41. Rf2 Re5 42. Bh3 Rh4 43. Rh2 Kg7 44. Kg1 Reh5 45. Kf2 Kf6 46. Kg3 Ke5
47. Re1 Rf4 48. Kf2 Rfh4 49. Kg3 Rh6 50. Reh1 R4h5 51. Kg4 Rf5 52. Kg3 Rg5+ 53.
Kf2 Kf4 54. Bd7 e3+ 55. Kf1 e2+ 56. Kf2 Rxh2+ 57. Rxh2 Rg2+ 0-1

[Event "4NCL/Div2b/GUI3 vs. KHE"]
[Site "Sunningdale ENG"]
[Date "2008.10.05"]
[Round "2.4"]
[White "Ward, Julian T"]
[Black "Jackson, Adrian"]
[Result "1/2-1/2"]
[WhiteElo "2190"]
[BlackElo "2206"]
[PlyCount "110"]
[EventDate "2008.10.05"]
[SourceDate "2008.10.04"]

1. Nf3 Nf6 2. c4 e6 3. g3 b6 4. Bg2 Bb7 5. O-O c5 6. b3 Be7 7. Bb2 O-O 8. Nc3
d6 9. d4 cxd4 10. Qxd4 Nc6 11. Qd2 a6 12. Rfd1 Qc7 13. Rac1 Na5 14. Qd3 Rac8
15. h3 Rfd8 16. e4 Qb8 17. Qe3 Ba8 18. e5 dxe5 19. Nxe5 Bxg2 20. Kxg2 Qb7+ 21.
Qf3 Qxf3+ 22. Kxf3 Rxd1 23. Rxd1 Rd8 24. Rxd8+ Bxd8 25. b4 Nb7 26. Ne4 Nxe4 27.
Kxe4 f6 28. Nc6 Bc7 29. Bd4 Kf7 30. c5 bxc5 31. Bxc5 Nxc5+ 32. bxc5 Ke8 33. Kd3
Kd7 34. Nd4 e5 35. Nb3 Kc6 36. Kc4 f5 37. a4 Bd8 38. f4 Bc7 39. fxe5 Bxe5 40.
g4 f4 41. Na5+ Kc7 42. Kd3 f3 43. Ke3 Bd4+ 44. Kxf3 Bxc5 45. Ke4 Bb4 46. Nb3
Kd6 47. Kd4 Ba3 48. Ke4 Bb2 49. h4 Bc3 50. h5 Bb2 51. h6 gxh6 52. Nd4 Kc5 53.
Ne6+ Kb4 54. a5 Kxa5 55. Nc7 Kb6 1/2-1/2

[Event "4NCL/Div2b/GUI3 vs. KHE"]
[Site "Sunningdale ENG"]
[Date "2008.10.05"]
[Round "2.5"]
[White "Hopper, Paul"]
[Black "Mackenzie, Colin"]
[Result "1/2-1/2"]
[WhiteElo "2173"]
[BlackElo "2112"]
[PlyCount "32"]
[EventDate "2008.10.05"]
[SourceDate "2008.10.04"]

1. e4 e6 2. d4 d5 3. Nc3 Bb4 4. e5 c5 5. a3 Bxc3+ 6. bxc3 Qc7 7. Qg4 f6 8. exf6
Nxf6 9. Qg3 Qxg3 10. hxg3 O-O 11. Nf3 b6 12. Bd2 Nc6 13. Bb5 Na5 14. Bd3 c4 15.
Be2 Ne4 16. Rf1 Nc6 1/2-1/2

[Event "4NCL/Div2b/GUI3 vs. KHE"]
[Site "Sunningdale ENG"]
[Date "2008.10.05"]
[Round "2.6"]
[White "Forbes, Cathy"]
[Black "Shepley, Julien M"]
[Result "1-0"]
[WhiteElo "2098"]
[BlackElo "2115"]
[PlyCount "131"]
[EventDate "2008.10.05"]
[SourceDate "2008.10.04"]

1. d4 d5 2. c3 c5 3. Bf4 Nc6 4. e3 e6 5. Nd2 Qb6 6. Qb3 Nf6 7. h3 Be7 8. Ngf3
c4 9. Qxb6 axb6 10. a3 b5 11. Rc1 O-O 12. g4 Nd7 13. Bc7 Bd8 14. Bxd8 Rxd8 15.
Be2 Re8 16. O-O Nb6 17. Bd1 f6 18. Bc2 Nd8 19. Rfe1 Bd7 20. Kh2 Nf7 21. Kg3 Bc6
22. h4 g6 23. g5 Kg7 24. Rh1 h5 25. gxf6+ Kxf6 26. Rhg1 Rg8 27. Ne5 Nxe5 28.
dxe5+ Kxe5 29. f4+ Kf6 30. Nf3 Na4 31. Bxa4 bxa4 32. Kf2 Ra6 33. Rc2 Rb6 34.
Ke1 Rg7 35. Rg5 Be8 36. Rd2 Bc6 37. Ne5 Be8 38. Kd1 Rb5 39. Kc1 Bc6 40. Rdg2
Be8 41. R2g3 Rb3 42. Nf3 Rb6 43. Nd4 Re7 44. Nf3 Rb3 45. Nd2 Rb5 46. e4 dxe4
47. Nxe4+ Kg7 48. Nd6 Rxg5 49. Rxg5 b5 50. f5 exf5 51. Nxf5+ Kf6 52. Nxe7 Kxe7
53. Re5+ Kf7 54. Kd2 Bd7 55. Ke3 Kf6 56. Kf4 Bc6 57. Rc5 Bd7 58. Rc7 Be8 59.
Rb7 Ke6 60. Kg5 Kd6 61. Rb8 Ke7 62. Rxe8+ Kxe8 63. Kxg6 Ke7 64. Kxh5 Kf6 65.
Kg4 Kg6 66. Kf4 1-0

[Event "4NCL/Div2b/GUI3 vs. KHE"]
[Site "Sunningdale ENG"]
[Date "2008.10.05"]
[Round "2.7"]
[White "Adair, James"]
[Black "Stevenson, James A B"]
[Result "1/2-1/2"]
[WhiteElo "2072"]
[BlackElo "2073"]
[PlyCount "61"]
[EventDate "2008.10.05"]
[SourceDate "2008.10.04"]

1. e4 d5 2. exd5 Qxd5 3. Nc3 Qd6 4. d4 Nf6 5. Nf3 a6 6. Bc4 Bg4 7. h3 Bxf3 8.
Qxf3 Nc6 9. Be3 O-O-O 10. O-O-O e6 11. g4 Na5 12. Bd3 Qc6 13. Qe2 Bb4 14. g5
Nd5 15. Nxd5 exd5 16. Qf3 Rdf8 17. Bd2 Bxd2+ 18. Rxd2 Nc4 19. Re2 Nd6 20. Re5
f6 21. gxf6 Rxf6 22. Qxd5 Qxd5 23. Rxd5 Rxf2 24. Rg5 g6 25. h4 Nf7 26. Rg3 Rd8
27. h5 Rxd4 28. hxg6 hxg6 29. Rxg6 Ne5 30. Rh8+ Rd8 31. Rxd8+ 1/2-1/2

[Event "4NCL/Div2b/GUI3 vs. KHE"]
[Site "Sunningdale ENG"]
[Date "2008.10.05"]
[Round "2.8"]
[White "Haria, Ravi"]
[Black "Hunt, Daniel"]
[Result "0-1"]
[WhiteElo "1794"]
[BlackElo "1919"]
[PlyCount "84"]
[EventDate "2008.10.05"]
[SourceDate "2008.10.04"]

1. e4 c5 2. Nf3 d6 3. c3 Nf6 4. Be2 Bd7 5. d3 Bc6 6. O-O Nbd7 7. Nbd2 e6 8. Re1
Be7 9. Bf1 O-O 10. d4 Rc8 11. Bd3 Re8 12. Nf1 b6 13. Ng3 Qc7 14. h3 Nf8 15. Be3
Rcd8 16. Qc2 Qb7 17. Nd2 Rc8 18. Qd1 c4 19. Bc2 b5 20. b3 d5 21. e5 cxb3 22.
Nxb3 N6d7 23. f4 g6 24. Qg4 Kh8 25. h4 f5 26. Qh3 h5 27. Nd2 Nh7 28. Ne2 Ndf8
29. Nf3 Rc7 30. Ng5 Nxg5 31. hxg5 Rec8 32. Kf2 Be8 33. Rg1 Kg8 34. Rh1 b4 35.
Rag1 Qa6 36. Bb3 bxc3 37. Bc1 c2 38. g4 fxg4 39. Rxg4 Bb4 40. Rg3 Bb5 41. Ng1
Bc3 42. Nf3 Be2 0-1

[Event "4NCL/Div2b/SWD2 vs. WWKS1"]
[Site "Sunningdale ENG"]
[Date "2008.10.05"]
[Round "2.1"]
[White "Spice, Alan"]
[Black "Thomas, Nicholas"]
[Result "0-1"]
[WhiteElo "2173"]
[BlackElo "2309"]
[PlyCount "64"]
[EventDate "2008.10.05"]
[SourceDate "2008.10.04"]

1. Nc3 d5 2. e4 e6 3. d4 Bb4 4. exd5 exd5 5. Bd3 Nf6 6. a3 Bxc3+ 7. bxc3 O-O 8.
Ne2 Bg4 9. O-O Nbd7 10. c4 dxc4 11. Bxc4 Nb6 12. Bd3 Be6 13. Bg5 h6 14. Bh4 Bc4
15. Bxc4 Nxc4 16. Qd3 Nb6 17. c4 Re8 18. Nc3 g5 19. Bg3 c6 20. a4 Qd7 21. a5
Nc8 22. Rfd1 Ne7 23. Rab1 Nf5 24. Rxb7 Qxb7 25. Qxf5 Qb3 26. Be5 Nh7 27. d5
Qxc4 28. Ne4 Qe2 29. Rf1 cxd5 30. Nd6 Qxe5 31. Qxf7+ Kh8 32. Qg6 Re7 0-1

[Event "4NCL/Div2b/SWD2 vs. WWKS1"]
[Site "Sunningdale ENG"]
[Date "2008.10.05"]
[Round "2.2"]
[White "Mason, Don"]
[Black "Roberts, David L"]
[Result "1/2-1/2"]
[WhiteElo "2245"]
[BlackElo "2144"]
[PlyCount "73"]
[EventDate "2008.10.05"]
[SourceDate "2008.10.04"]

1. e4 e5 2. Nf3 Nc6 3. Bb5 a6 4. Ba4 Nf6 5. O-O Nxe4 6. d4 b5 7. Bb3 d5 8. dxe5
Be6 9. Nbd2 Nc5 10. c3 Be7 11. Re1 Qd7 12. Nd4 Nd3 13. Re3 Ndxe5 14. Nxe6 fxe6
15. Qe2 Ng6 16. Qg4 Nce5 17. Qh5 Bd6 18. Nf3 Nxf3+ 19. Rxf3 O-O-O 20. a4 Ne5
21. Re3 Nc4 22. Re2 Na5 23. Bc2 b4 24. Rxe6 b3 25. Bf5 Kb8 26. Qe2 Nc4 27. Bg5
Rde8 28. Re1 Rxe6 29. Bxe6 Qc6 30. Qd1 Nxb2 31. Qxb3+ Qb6 32. Qxb6+ cxb6 33.
Bxd5 Nxa4 34. Re6 Kc7 35. c4 Nc5 36. Re3 h6 37. Be7 1/2-1/2

[Event "4NCL/Div2b/SWD2 vs. WWKS1"]
[Site "Sunningdale ENG"]
[Date "2008.10.05"]
[Round "2.3"]
[White "Brown, Alan M"]
[Black "James, Russell A"]
[Result "1/2-1/2"]
[WhiteElo "2121"]
[BlackElo "2235"]
[PlyCount "44"]
[EventDate "2008.10.05"]
[SourceDate "2008.10.04"]

1. d4 d5 2. Nf3 Nf6 3. c4 e6 4. Bg5 Bb4+ 5. Nbd2 dxc4 6. Qc2 h6 7. Bxf6 Qxf6 8.
e3 O-O 9. Bxc4 c5 10. dxc5 Bxc5 11. O-O Bb6 12. Ne4 Qe7 13. Rfd1 Nc6 14. Rac1
Bd7 15. Nd6 Rab8 16. a3 Rfd8 17. Rd2 Be8 18. Rcd1 a6 19. Bf1 Bc7 20. Nxe8 Qxe8
21. Nd4 Rd6 22. b4 Bb6 1/2-1/2

[Event "4NCL/Div2b/SWD2 vs. WWKS1"]
[Site "Sunningdale ENG"]
[Date "2008.10.05"]
[Round "2.4"]
[White "Shephard, Chris C W"]
[Black "Burton, Graham P"]
[Result "1-0"]
[WhiteElo "2220"]
[BlackElo "2087"]
[PlyCount "78"]
[EventDate "2008.10.05"]
[SourceDate "2008.10.04"]

1. c4 e5 2. Nc3 Nc6 3. g3 g6 4. Bg2 Bg7 5. e3 d6 6. Nge2 Nge7 7. d3 O-O 8. O-O
a6 9. b3 Bg4 10. Bb2 Qd7 11. Re1 h5 12. Nd5 h4 13. Qd2 hxg3 14. hxg3 Nxd5 15.
cxd5 Ne7 16. Rac1 Rac8 17. d4 Bh3 18. Bh1 Nf5 19. Rc4 Nh6 20. dxe5 dxe5 21. Rh4
g5 22. Rh5 Bf5 23. Rxg5 f6 24. Rh5 Bg6 25. Rh4 Nf7 26. Rd1 Nd6 27. Qb4 f5 28.
Rh2 Qb5 29. Qd2 Rcd8 30. Nc3 Qd7 31. Na4 Qe7 32. Ba3 Kf7 33. Nc5 Rh8 34. Rxh8
Rxh8 35. Nxb7 Qg5 36. Nxd6+ cxd6 37. Bg2 Qh6 38. Rc1 Qh2+ 39. Kf1 Bh5 {time}
1-0

[Event "4NCL/Div2b/SWD2 vs. WWKS1"]
[Site "Sunningdale ENG"]
[Date "2008.10.05"]
[Round "2.5"]
[White "Miles, Richard"]
[Black "Pitcher, John"]
[Result "0-1"]
[WhiteElo "2050"]
[BlackElo "2183"]
[PlyCount "58"]
[EventDate "2008.10.05"]
[SourceDate "2008.10.04"]

1. d4 d5 2. c4 dxc4 3. e4 Nc6 4. Nf3 Bg4 5. Bxc4 e6 6. Bb5 Bxf3 7. Bxc6+ bxc6
8. gxf3 Bb4+ 9. Nc3 Ne7 10. Be3 Bxc3+ 11. bxc3 O-O 12. Qa4 Qd7 13. Rg1 f5 14.
O-O-O f4 15. Bd2 Rab8 16. Kc2 Rb5 17. Rb1 Rh5 18. Qxa7 Nc8 19. Qa6 Nb6 20. Qe2
Ra5 21. Rb2 c5 22. dxc5 Qa4+ 23. Kc1 Rxc5 24. Rg4 Nc4 25. Rc2 Rb5 26. Bxf4 Rd8
27. Bd2 Rb1+ 28. Kxb1 Na3+ 29. Ka1 Qxc2 0-1

[Event "4NCL/Div2b/SWD2 vs. WWKS1"]
[Site "Sunningdale ENG"]
[Date "2008.10.05"]
[Round "2.6"]
[White "Webster, Paul"]
[Black "van Kemenade, Rudy"]
[Result "1-0"]
[WhiteElo "2095"]
[BlackElo "1989"]
[PlyCount "61"]
[EventDate "2008.10.05"]
[SourceDate "2008.10.04"]

1. d4 f5 2. Nf3 Nf6 3. c4 g6 4. Nc3 Bg7 5. g3 d6 6. Bg2 O-O 7. Qc2 Na6 8. a3 c5
9. d5 Bd7 10. O-O Qe8 11. Ng5 h6 12. Nh3 g5 13. f4 g4 14. Nf2 Nc7 15. Re1 Qf7
16. b3 b5 17. Bb2 bxc4 18. bxc4 Rab8 19. Rab1 e6 20. e4 Nxe4 21. Ncxe4 fxe4 22.
Bxg7 Qxg7 23. Rxb8 Rxb8 24. dxe6 Nxe6 25. Qxe4 Qd4 26. Qg6+ Qg7 27. Rxe6 Bxe6
28. Qxe6+ Kh8 29. Be4 Rb2 30. Qxd6 Qc3 31. Qf8# 1-0

[Event "4NCL/Div2b/SWD2 vs. WWKS1"]
[Site "Sunningdale ENG"]
[Date "2008.10.05"]
[Round "2.7"]
[White "Wilson, Julie"]
[Black "Ingram, Keith"]
[Result "0-1"]
[WhiteElo "1935"]
[BlackElo "2070"]
[PlyCount "92"]
[EventDate "2008.10.05"]
[SourceDate "2008.10.04"]

1. d4 d5 2. c4 e6 3. Nf3 f5 4. Nc3 c6 5. e3 Nf6 6. cxd5 exd5 7. Be2 Bd6 8. O-O
O-O 9. Bd2 Qe8 10. Qc2 Ne4 11. Be1 Rf6 12. Rc1 Nd7 13. Nd2 Rh6 14. f4 Ndf6 15.
Nf3 Ng4 16. Qd3 Qh5 17. h3 g5 18. Ne5 gxf4 19. exf4 Nxe5 20. fxe5 Qg5 21. Nxe4
fxe4 22. Qg3 Be7 23. Qxg5+ Bxg5 24. Rc3 Be6 25. Rg3 Rg6 26. Bh5 Rg7 27. Bf2 Rf8
28. Be3 Bxe3+ 29. Rxe3 Rxf1+ 30. Kxf1 Rg5 31. Be2 c5 32. dxc5 Rxe5 33. Rb3 Rf5+
34. Ke1 Rf7 35. Rb4 Kg7 36. Kd2 Kf6 37. Ke3 Ke5 38. Rd4 Rg7 39. g4 h5 40. Rb4
hxg4 41. hxg4 Rh7 42. Ra4 d4+ 43. Kd2 Rh2 44. Ke1 d3 45. Bd1 Kf4 46. b3 Ke3 0-1

[Event "4NCL/Div2b/SWD2 vs. WWKS1"]
[Site "Sunningdale ENG"]
[Date "2008.10.05"]
[Round "2.8"]
[White "James, Ann-Marie"]
[Black "van Kemenade, Julie"]
[Result "1-0"]
[WhiteElo "2050"]
[BlackElo "1661"]
[PlyCount "59"]
[EventDate "2008.10.05"]
[SourceDate "2008.10.04"]

1. e4 d6 2. Nf3 g6 3. Nc3 Bg7 4. d4 c6 5. Be2 Nd7 6. O-O e5 7. Be3 Ngf6 8. a4
O-O 9. dxe5 dxe5 10. h3 Qc7 11. Qd2 Re8 12. Rfd1 Nh5 13. Bc4 Nf4 14. Ng5 Rf8
15. g3 Nh5 16. Qe2 b6 17. Rd2 Ndf6 18. Kg2 h6 19. Nf3 Bb7 20. Rad1 Rad8 21.
Rxd8 Rxd8 22. Rxd8+ Qxd8 23. Nxe5 Qc7 24. Nxf7 Kh7 25. Qd3 b5 26. Qd8 Qxd8 27.
Nxd8 Ba8 28. Bd3 Nd7 29. axb5 cxb5 30. Nxb5 1-0

[Event "4NCL/Div2b/FCA1 vs. CELT1"]
[Site "Sunningdale ENG"]
[Date "2008.10.05"]
[Round "2.1"]
[White "Tippleston, Charles"]
[Black "Maciol, Ryszard"]
[Result "0-1"]
[WhiteElo "2177"]
[BlackElo "2237"]
[PlyCount "68"]
[EventDate "2008.10.05"]
[SourceDate "2008.10.04"]

1. e4 e6 2. d4 d5 3. Nd2 c5 4. exd5 exd5 5. Ngf3 Nc6 6. Bb5 Bd6 7. O-O Nge7 8.
dxc5 Bxc5 9. Nb3 Bb6 10. c3 Bg4 11. Be2 Qd6 12. Nfd4 Bxe2 13. Nxe2 Ng6 14. Ng3
O-O 15. Nf5 Qe5 16. Qd3 Rfe8 17. Be3 Bxe3 18. Nxe3 Nf4 19. Qd2 Rad8 20. Rfe1
Qg5 21. Kh1 Ne5 22. Rg1 Rd6 23. f3 Rh6 24. Nf1 Nc4 25. Re1 Rxe1 26. Qxe1 Re6
27. Qf2 Re2 28. Qxa7 h5 29. Ng3 Rxb2 30. Qxb7 Ne3 31. Qb8+ Kh7 32. Qa7 Nd3 33.
Ra1 Rxg2 34. Rf1 Rxh2+ 0-1

[Event "4NCL/Div2b/FCA1 vs. CELT1"]
[Site "Sunningdale ENG"]
[Date "2008.10.05"]
[Round "2.2"]
[White "Kemp, Peter D"]
[Black "Almond, Richard"]
[Result "1/2-1/2"]
[WhiteElo "2177"]
[BlackElo "2138"]
[PlyCount "52"]
[EventDate "2008.10.05"]
[SourceDate "2008.10.04"]

1. d4 d5 2. c4 e6 3. Nf3 Nf6 4. g3 Be7 5. Bg2 O-O 6. Qc2 c6 7. O-O Nbd7 8. Nbd2
b6 9. e4 Bb7 10. Rd1 Rc8 11. e5 Ne8 12. b3 c5 13. Bb2 cxd4 14. Nxd4 Nxe5 15.
Nxe6 fxe6 16. Bxe5 Bc5 17. Nf3 Qe7 18. Nd4 Nf6 19. Qe2 Ne4 20. Rf1 Qg5 21. f4
Qxe5 22. fxe5 Bxd4+ 23. Kh1 Nf2+ 24. Kg1 Nh3+ 25. Kh1 Nf2+ 26. Kg1 Nh3+ 1/2-1/2

[Event "4NCL/Div2b/FCA1 vs. CELT1"]
[Site "Sunningdale ENG"]
[Date "2008.10.05"]
[Round "2.3"]
[White "Habershon, Paul"]
[Black "Pedersen, Carsten"]
[Result "0-1"]
[WhiteElo "2120"]
[BlackElo "2157"]
[PlyCount "70"]
[EventDate "2008.10.05"]
[SourceDate "2008.10.04"]

1. Nf3 Nf6 2. c4 Nc6 3. d4 e6 4. a3 d6 5. Nc3 g6 6. g3 Bg7 7. Bg2 O-O 8. O-O
Re8 9. Re1 a5 10. Rb1 e5 11. d5 Ne7 12. e4 Nd7 13. b4 f5 14. Ng5 Nf6 15. c5
axb4 16. axb4 h6 17. Ne6 Bxe6 18. dxe6 fxe4 19. cxd6 cxd6 20. Nxe4 Nxe4 21.
Bxe4 d5 22. Bg2 Ra6 23. b5 Rxe6 24. Ba3 e4 25. Qb3 Nf5 26. Rbd1 Nd4 27. Qa2 Kh7
28. Bc5 Nf3+ 29. Bxf3 exf3 30. Rxe6 Rxe6 31. Qb3 Qf6 32. Qxd5 Re5 33. Qc4 Qf5
34. Bd4 Rd5 35. Qc3 Bxd4 0-1

[Event "4NCL/Div2b/FCA1 vs. CELT1"]
[Site "Sunningdale ENG"]
[Date "2008.10.05"]
[Round "2.4"]
[White "Haldane, Robin"]
[Black "Reuben, Stewart"]
[Result "1-0"]
[WhiteElo "2149"]
[BlackElo "2117"]
[PlyCount "81"]
[EventDate "2008.10.05"]
[SourceDate "2008.10.04"]

1. e4 c5 2. Nf3 g6 3. d4 Bg7 4. Nc3 Nc6 5. Be3 cxd4 6. Nxd4 Nf6 7. f3 O-O 8.
Qd2 d5 9. O-O-O dxe4 10. Nxe4 Nxe4 11. fxe4 Bg4 12. Nxc6 bxc6 13. Qxd8 Rfxd8
14. Rxd8+ Rxd8 15. Bc4 Bd4 16. Bg5 Kf8 17. Rf1 f6 18. h3 Bc8 19. c3 Be5 20. Be3
a6 21. Bb6 Rd7 22. Kc2 Bb7 23. Bc5 Bd6 24. Bxd6 exd6 25. Rxf6+ Ke8 26. Kd3 Kd8
27. g4 Kc7 28. g5 Re7 29. Rf7 Kd7 30. Rxe7+ Kxe7 31. Kd4 Bc8 32. h4 Be6 33.
Bxe6 Kxe6 34. b4 Kd7 35. c4 Kc7 36. a4 Kb6 37. e5 Kc7 38. e6 Kd8 39. b5 cxb5
40. cxb5 axb5 41. axb5 1-0